| 000 | 02100nam a2200373 i 4500 | ||
|---|---|---|---|
| 003 | OSt | ||
| 005 | 20260317085907.0 | ||
| 008 | 260317s2025 my er 001 0 may d | ||
| 020 |
_a9789670037752 _cRM 70.00 _qhardback |
||
| 040 |
_aPPAK _beng _cPPAK _erda |
||
| 041 | 1 |
_amay _heng |
|
| 082 | 0 | 4 |
_223 _a327.51073 |
| 090 | 0 | 0 |
_a327.51073 _bMAH _dG |
| 100 | 1 |
_aMahbubani, Kishore, _eauthor. |
|
| 240 | 1 | 0 |
_aHas China won? : the Chinese challenge to American primacy. _lMalay |
| 245 | 1 | 0 |
_aDUNIA KINI MILIK CHINA / _cKishore Mahbubani ; Penterjemah Abdullah Hussaini ; Izzuddin Ramli ; Penyunting Najwa Ismail |
| 264 | 1 |
_aKuala Lumpur : _bIBDE Ilham Sdn. Bhd., _c[2025] |
|
| 300 |
_a287 pages ; _c24 cm |
||
| 336 |
_atext _2rdacontent |
||
| 337 |
_aunmediated _2rdamedia |
||
| 338 |
_avolume _2rdacarrier |
||
| 500 | _aIncludes index | ||
| 520 | _aAdakah Amerika Syarikat masih menjadi kuasa besar? Atau China, sebuah negara dengan tamadun yang ribuan tahun usianya, telah memenangi pertarungan geopolitik? Dalam buku ini, Kishore Mahbubani, seorang tokoh diplomat dan bekas Setiausaha Majlis Keselamatan PBB, mengemukakan analisis yang tajam dan berani mengenai persaingan kuasa antara Amerika Syarikat dan China. Dengan menyelami isu politik, ekonomi, dan budaya, kita diajak meneliti bagaimana kedua-dua kuasa besar ini bersaing untuk menguasai dunia. Berbekalkan ilmu dan pengalaman yang kaya di pentas antarabangsa, pengarang mencabar pembaca untuk memahami perubahan landskap politik global dan meramal apakah akan terjadi kepada pelanduk apabila dua ekor gajah sedang bertelagah. | ||
| 651 | 0 |
_aChina _xRelations _zUnited States |
|
| 651 | 0 |
_aUnited States _xRelations _zChina |
|
| 651 | 0 |
_aChina _xEconomic conditions _y20th century |
|
| 651 | 0 |
_aUnited States _xStrategic aspects |
|
| 651 | 0 |
_aChina _xStrategic aspects |
|
| 700 | 0 |
_aAbdullah Hussaini, _etranslator. |
|
| 700 | 0 |
_aIzzuddin Ramli, _etranslator. |
|
| 700 | 0 |
_aNajwa Ismail, _eeditor. |
|
| 765 | 0 |
_tHas China won? : the Chinese challenge to American primacy. _aMahbubani, Kishore |
|
| 942 |
_2ddc _cB |
||
| 999 |
_c203458 _d203458 |
||